=LDR 00000nam 2200000 4500 =001 INLIS000000000014140 =990 ##$$a 0001/BPAP-NTB/20142015 =005 20130612105430 =008 ***********************************Ind** =035 ##$$0010-061300000014140 =041 ##$$a Ind =082 ##$$a 418 =090 ##$$a 418, Rah s =100 ##$$a Rahardi, Kunjana =245 ##$$a Serpih-serpih masalah kebahasaindonesiaan, Kunjana Rahardi =260 ##$$a 2001 $b Yogyakarta =300 ##$$a xi, 179 hlm, 20 cm =650 ##$$a Bahasa Indonesia =850 ##$$a NBPNMAT =990 ##$$a 0001/BPAP-NTB/20142015